000 00291nam a2200121Ia 4500
005 20251222143301.0
008 251222s9999||||xx |||||||||||||| ||spa||
082 _a379.85/C95
100 _aCueto Fernandini, Carlos
245 0 _aLa Educación como Forma: ¿
264 _bs.f.
942 _cLIB
999 _c15323
_d15323